Statistics for Modern-Day Countries of the Neo-Assyrian Empire on a Map

Click here to take the quiz!

General Stats

  • This quiz has been taken 2,551 times
  • The average score is 14 of 14

Answers on the Map

Answers color-coded by a green-red scale on the quiz's map according to % correct below.
 

Answer Stats

Countries% Correct
Egypt
100%
Iran
100%
Iraq
100%
Turkey
100%
Cyprus
99%
Israel
99%
Jordan
99%
Lebanon
99%
Saudi Arabia
99%
Syria
99%
Armenia
98%
Kuwait
98%
Azerbaijan
97%
Georgia
93%

Score Distribution

Percentile by Number Answered

Percent of People with Each Score

Your Score History

You have not taken this quiz